UM Logo

Pathophysiology / (Record no. 7894)

MARC details
000 -LEADER
fixed length control field 00881nam a2200193 4500
008 - FIXED-LENGTH DATA ELEMENTS--GENERAL INFORMATION
fixed length control field 171205b xxu||||| |||| 00| 0 eng d
020 ## - INTERNATIONAL STANDARD BOOK NUMBER
International Standard Book Number 0781718430
082 ## - DEWEY DECIMAL CLASSIFICATION NUMBER
Edition number 1999
Classification number DC 571.9
Item number P21
100 ## - MAIN ENTRY--PERSONAL NAME
9 (RLIN) 24140
Personal name Paradiso, Catherine., author.
245 ## - TITLE STATEMENT
Title Pathophysiology /
Statement of responsibility, etc. Catherine Paradiso
250 ## - EDITION STATEMENT
Edition statement 2nd ed.
260 ## - PUBLICATION, DISTRIBUTION, ETC. (IMPRINT)
Place of publication, distribution, etc. Philadelphia :
Name of publisher, distributor, etc. Lippincott,
Date of publication, distribution, etc. ©1999
300 ## - PHYSICAL DESCRIPTION
Extent xx, 496 pages:
Other physical details illustration ;
Dimensions 23 cm +
Accompanying material 1 computer laser optical disc
Size of unit (4 3/4 in.)
500 ## - GENERAL NOTE
General note Includes bibliographical references and index.<br/>System requirements for accompanying computer disc: Windows 95 or higher; 486/66 Processor or higher; 16 MB RAM; 6 MB Free Hard Disk Space; 256 colors.
650 #0 - SUBJECT ADDED ENTRY--TOPICAL TERM
9 (RLIN) 24149
Topical term or geographic name as entry element Physiology, Pathological
General subdivision Examinations, questions, etc
650 #0 - SUBJECT ADDED ENTRY--TOPICAL TERM
9 (RLIN) 24153
Topical term or geographic name as entry element Physiology, Pathological
General subdivision Outlines, syllabi, etc
650 #0 - SUBJECT ADDED ENTRY--TOPICAL TERM
9 (RLIN) 24154
Topical term or geographic name as entry element Disease
942 ## - ADDED ENTRY ELEMENTS (KOHA)
Source of classification or shelving scheme Dewey Decimal Classification
Koha item type Circulation
Holdings
Withdrawn status Lost status Source of classification or shelving scheme Damaged status Not for loan Collection code Home library Current library Date acquired Source of acquisition Total Checkouts Full call number Barcode Date last seen Copy number Price effective from Koha item type
    Dewey Decimal Classification     Circulation UM Digos College - LIC UM Digos College - LIC   Purchased   DC 571.9 P21 1999 15102 12/05/2017 1 12/05/2017 Circulation